| 000 | 00383nam a2200145Ia 4500 | ||
|---|---|---|---|
| 008 | 220726s9999||||xx |||||||||||||| ||und|| | ||
| 020 | _a9788174733993 | ||
| 082 |
_a610 _bSha/V |
||
| 100 | _aSharma, D. C. & Riyat, Manminder | ||
| 245 | 0 | _aSharma-Viva-Voce in Biochemistry, 2/Ed. | |
| 250 | _a2nd Edition | ||
| 260 |
_aDelhi _bAITBS Publishers _c2023 |
||
| 300 | _a228 | ||
| 942 | _cPB | ||
| 999 |
_c36286 _d36286 |
||